1557 1069 1272 1074 1472 1836 1330 1925 1816 1162 1114 1393 1522 1620 1956 1808 1806 1138 1266 1124 1403 1120 1865 1437 1167 1191 1193 1016 1161 1641 1487 1630 1327 1371 1980 1330 1456 1116 1496 1001 1152 1946 1778 1061 1598 1054 1151 1377 1452 1071 1244 1814 1853 1021 1483 1011 1216 1982 1919 1933 1746 1601 1672 1375 1727 1554 1848 1672 1297 1048 1718 1417 1016 1928 1441 1453 1847 1083 1032 1642 1906 1732 1563 1453 1097 1642 1561 1749 1457 1514 1536 1084 1021 1902 1627 1814 1739 1285 1949 BCNSPRNW ULIB Ver.6.0+V

เปลี่ยนเป็นภาษาไทย

Change to English
 แสดงรายละเอียดบรรณานุกรม
  กลับหน้าหลัก

Brief Record : Get Marc (ISO 2709) : E-mail record : QR code < ปิดหน้าต่าง
LEADER : 00000nam 2200000uu 4500
001    13399122979
003     ULIB
008    131119s2556||||th 000 0 tha d
024    9786163214966
060  4 WM274^bฉ236ก
100 0  ^aฉัตรสุมน พฤฒิภิญโญ
245 10 ^aการติดตามผลการค้าเสรีในเครื่องดื่มแอลกอฮอล์ = ^bMonitoring the consequence of free trade agreement in alcoholic^cโดย ฉัตรสุมน พฤฒิภิญโญ
246 30 ^aการติดตามผลการค้าเสรีในเครื่องดื่มแอลกอฮอล์
246 31 ^aMonitoring the consequence of free trade agreement in alcoholic
250    ^aพิมพ์ครั้งที่ 1
260    ^aกรุงเทพฯ :^bคณะสาธารณสุขศาสตร์ มหาวิทยาลัยมหิดล,^c2556
300    ^a286 แผ่น :^bภาพประกอบ ;^c30 ซม.
536    ^aศูนย์วิจัยปัญหาสุรา สำนักงานกองทุนสนับสนุนการสร้างเสริมสุขภาพ (สสส.)
650  4 การค้าระหว่างประเทศ
650  4 การค้าเสรีและการคุ้มครอง
650  4 เครื่องดื่มที่มีแอลกอฮอล์
650  4 สุรา^xกฎหมายและระเบียบข้อบังคับ
710 2  ^aสำนักงานสนับสนุนการสร้างเสริมสุขภาพ (สสส.). ^bศูนย์วิจัยปัญหาสุรา.
856    ^zการติดตามผลการค้าเสรีในเครื่องดื่มแอลกอฮอล์.pdf (Fulltext)^uhttp://ulibm.bcnsprnw.ac.th/ULIB6//_fulltext/fulltext/13399122979/20131119104759_1787.pdf
945    ^p0^l0^i034178
945    ^p0^l0^i034179
999    ^aเกษร โพธิ์สุวรรณ
รายการนี้ยังไม่มีแท็ก
คุณยังไม่ได้ล็อกอิน คุณสามารถมีกิจกรรมร่วมกับเว็บไซต์ได้ แต่ต้องล็อกอินก่อน ::
  ล็อกอิน

รายการสื่อสารสนเทศ

ลำดับที่ ประเภท เลขเรียก/บาร์โค้ด สถานที่ สถานะ
1. วิทยาศาสตร์การแพทย์ และสุขภาพ
หนังสือสำรอง
สถานะ=หนังสือสำรอง
WM274 ฉ236ก ฉ.1 
  Barcode: 034178
ห้องสมุดวิทยาเขตสวรรค์ประชารักษ์
►ส่วนจัดเก็บหนังสือเก่า สปร
บนชั้น
  ขอยืม
2. วิทยาศาสตร์การแพทย์ และสุขภาพ
วิทยาศาสตร์การแพทย์ และสุขภาพ
WM274 ฉ236ก ฉ.2 
  Barcode: 034179
ห้องสมุดวิทยาเขตสวรรค์ประชารักษ์
►ส่วนจัดเก็บหนังสือเก่า สปร
บนชั้น
  ขอยืม

รายการใกล้เคียง
    ผู้แต่ง [ฉัตรสุมน พฤฒิภิญโญ]

    หัวเรื่อง [การค้าระหว่างประเทศ]
    หัวเรื่อง [การค้าเสรีและการคุ้มครอง]
    หัวเรื่อง [เครื่องดื่มที่มีแอลกอฮอล์]

BibComment


ยังไม่เคยถูกคอมเมนท์

คอมเมนท์ทรัพยากรรายการนี้
  คอมเมนท์: การติดตามผลการค้..


 Copyright 2026. Bcnsprnw @Library